| 000 | 00477nam a22001817a 4500 | ||
|---|---|---|---|
| 005 | 20251108170642.0 | ||
| 008 | 250721s1968 xx 000 0 eng d | ||
| 082 | 1 | 4 | _a822.33/Sha |
| 100 | 1 | _aShakespeare, William | |
| 245 | 1 | 0 | _aKing Richard the third / |
| 264 | 1 |
_aNew York : _bPenguin books, _c1968. |
|
| 300 | _a235p | ||
| 490 | 0 | _athe new penguin Shakespear | |
| 650 | 1 | 7 | _aEnglish Drama |
| 700 | 1 |
_aHonigmann, E.A.J _eedited by |
|
| 942 |
_2ddc _cBK |
||
| 999 |
_c45750 _d45750 |
||